Score 0/25 Timer 06:00
0 Plays Today
% Correct
Your eyes are fine, it's Ahsoka's hearing that needs help.
85.5%
For a woman sworn to non-violence, you don't seem troubled that I could have been killed back there.
83.5%
Insolence? We are pirates, we don't even know what that means! Open Fire!
83.2%
By 'situation', he means 'big explosion'. We're gonna need a rescue.
83.1%
They're dead.
82.2%
You buckethead, that's the Jedi! He is a little one, blast him!
81.9%
Hey, when I show off it is instructive, and inspiring.
80.5%
His best to get us killed!
80.1%
I am a droid, I am always right.
79.9%
Anything is possible. You haven't exactly impressed me today.
79.2%
Murderer? Is it murder to the rid the galaxy of you Jedi filth?
78.5%
Fine with me, as long as one of the options is killing you.
76%
That's great but it might as well be Coruscant as far as I'm concerned, we got no ship.
75.5%
% Correct
I'm better at hiding it.
74.5%
That can be arranged.
71.8%
Let's hope he is. If he is like us, he'll realize he's wrong.
71.7%
At least you will have a good excuse if your mission is a failure.
70%
That's fine. Red's not my color.
67.4%
Sometimes, things are just that important.
66.4%
I know, that's why I am still talking to you.
65.7%
Rex, you're beginning to sound like Obi-Wan.
65.6%
We crashed the ship your way.
63.8%
Would you like to try and prove your theory?
62%
It's a wonder you don't get along with them Dooku. You have so much in common.
60.7%
More like a impossible task.
54.8%

You're not logged in!

Compare scores with friends on all Sporcle quizzes.
OR
Log In

Sporcle TV

Today on Sporcle TV


Watch our educational content, quiz creation guides, and fun videos on Sporcle TV.

Show Comments

Extras

Top Quizzes Today


Score Distribution

Paid Content

Your Account Isn't Verified!

In order to create a playlist on Sporcle, you need to verify the email address you used during registration. Go to your Sporcle Settings to finish the process.

Report this User

Report this user for behavior that violates our Community Guidelines.

Details: